|
|
|
|
| LEADER |
02038nam a2200469 a 4500 |
| 001 |
nkc20071707232 |
| 003 |
CZ PrNK |
| 005 |
20081211143312.0 |
| 007 |
ta |
| 008 |
070201s2006 xr e p 000 0 cze |
| 015 |
|
|
|a cnb001707232
|
| 020 |
|
|
|a 80-7044-833-4
|q (brož.)
|
| 035 |
|
|
|a (OCoLC)137330149
|
| 040 |
|
|
|a ABA001
|b cze
|
| 072 |
|
7 |
|a 796
|x Sport. Hry. Tělesná cvičení
|2 Konspekt
|9 20
|
| 072 |
|
7 |
|a 37.016
|x Učební osnovy. Vyučovací předměty. Učebnice
|2 Konspekt
|9 22
|
| 080 |
|
|
|a 796.034.2(091)
|2 MRF
|
| 080 |
|
|
|a 796/799(091)
|2 MRF
|
| 080 |
|
|
|a (075.8)
|2 MRF
|
| 100 |
1 |
|
|a Novotný, František,
|d 1942-
|7 mzk2007390453
|4 aut
|
| 245 |
1 |
0 |
|a Stručný přehled dějin tělesné výchovy a sportu :
|b magisterské studijní programy : bakalářské studijní programy : studijní opora pro prezenční i kombinovanou formu studia /
|c František Novotný
|
| 250 |
|
|
|a Vyd. 1.
|
| 260 |
|
|
|a V Ústí nad Labem :
|b Univerzita J.E. Purkyně,
|c 2006
|
| 300 |
|
|
|a 94 s. ;
|c 21 cm
|
| 490 |
1 |
|
|a Skripta
|
| 500 |
|
|
|a Na obálce nad názvem: Univerzita Jana Evangelisty Purkyně v Ústí nad Labem, Pedagogická fakulta, Katedra tělesné výchovy
|
| 500 |
|
|
|a 200 výt.
|
| 504 |
|
|
|a Obsahuje bibliografii
|
| 505 |
0 |
|
|a část 1. Světové dějiny -- část 2. Dějiny v českých zemích a v Československu od 18. století do roku 2006
|
| 650 |
0 |
7 |
|a dějiny tělovýchovy
|7 ph488976
|2 czenas
|
| 650 |
0 |
7 |
|a dějiny sportu
|7 ph488972
|2 czenas
|
| 650 |
0 |
9 |
|a history of physical education
|2 eczenas
|
| 650 |
0 |
9 |
|a history of sports
|2 eczenas
|
| 655 |
|
7 |
|a učebnice vysokých škol
|7 fd133772
|2 czenas
|
| 655 |
|
9 |
|a textbooks (higher)
|2 eczenas
|
| 710 |
2 |
|
|a Univerzita J.E. Purkyně v Ústí nad Labem.
|b Katedra tělesné výchovy
|7 kn20030327007
|
| 810 |
2 |
|
|a Univerzita J.E. Purkyně v Ústí nad Labem.
|t Skripta
|0 s
|
| 910 |
2 |
|
|a BOA001
|b 2-1185.682
|
| 990 |
|
|
|a BK
|
| 995 |
|
|
|a 01
|
| 991 |
|
|
|b 200704
|c NOV
|
| 996 |
6 |
|
|b 2610308098
|c 2-1185.682
|l MZK
|r Sklad / do 1 hodiny
|n 14
|p p.v.
|w 000848442
|u 000010
|a 1
|e BOA001
|j MZK50
|s P
|